MDQL
is popping MORE tags! Check the
thread
!
Quizzes
Events
Quiz Creation
Community
Videos
Private Events
Remove Ads
Sign In
Join for FREE
Feedback
Dark Mode
Quiz Categories
Sports
Geography
Music
Movies
Television
Just For Fun
Miscellaneous
History
Literature
Language
Science
Gaming
Entertainment
Religion
Holiday
For Kids
Quiz Lab
Recent
Popular Today
Quiz Kudos Today
Editor Picks
Curator Picks
Quizzes by...
Day
Popularity
Type
Ratings
Length
Year
Community
Subscriptions
Recent Discussions
Orange Saloon
Badges
Playlists
Quests
Create
Leaderboards
Showdown
Live 5
Trivia Bingo
Activity
Puzzle Library
Sporcle Events
Private Events
Virtual Trivia
Globe League
Become a Host
Pub Owners
SporcleCon
Opinionation
Our Games
Videos
Blog
Mobile Apps
Partnerships
Remove Ads and Go Orange
Feedback
Gaming
Video Games
Board Games
Card Games
Pokémon
Mario
Nintendo
Minecraft
Console
Toys
Legend of Zelda
Gaming
Video Games
Board Games
Card Games
Pokémon
Mario
Nintendo
Minecraft
Console
Toys
Legend of Zelda
Random Quiz
Search Sporcle
×
Quiz Lab
Quiz Lab
Gaming
City
Type in answers that appear in a list
Type in answers that appear in a list
Classic
Best Score? Go Orange.
Civ 5 city names Stats
How many of the cities in Civ 5 can you name
By
KingMadi0
20m
300 Questions
149 Plays
149 Plays
149 Plays
Comments
Comments
Give Quiz Kudos
Give Quiz Kudos
-
- Ratings
hide this ad
Replay
Link that replays current quiz
Next Quiz
Link to next quiz in quiz playlist
You Got
0%
They Got
Avg Score
19%
Avg Friend Score
Upgrade to see
Score Distribution
Jump to the score distribution portion of the page
Score
0/300
Timer
20:00
0
Plays Today
Hint
Answer
% Correct
Washington
83.2%
New York
79.2%
London
73.8%
Boston
72.5%
Paris
67.8%
Berlin
67.1%
Beijing
61.7%
Madrid
61.1%
Philadelphia
59.7%
Tokyo
59.7%
Rome
59.7%
Moscow
58.4%
Kyoto
57.7%
Shanghai
55.7%
Athens
55%
Barcelona
55%
Edinburgh
54.4%
St Petersburg
53.7%
Lyon
53%
Lisbon
51.7%
York
51%
Warsaw
51%
Amsterdam
51%
Sparta
50.3%
Vienna
50.3%
Hamburg
50.3%
Munich
50.3%
Chicago
49%
Delhi
49%
Nottingham
49%
Dublin
47%
Seoul
46.3%
Babylon
46.3%
Mumbai
45.6%
Stockholm
45.6%
Copenhagen
45%
Venice
44.3%
Istanbul
44.3%
Rio de Janeiro
43.6%
Marseille
43.6%
Jakarta
43%
Mecca
43%
Osaka
42.3%
Porto
42.3%
Atlanta
41.6%
Orleans
41.6%
Thebes
40.9%
Carthage
40.9%
Krakow
40.9%
Rotterdam
40.9%
Cardiff
40.3%
Cologne
40.3%
Seattle
39.6%
Memphis
39.6%
Frankfurt
38.3%
Constantinople
36.9%
Persepolis
36.9%
Seville
36.9%
Tenochtitlan
36.2%
Glasgow
36.2%
Houston
36.2%
Brasilia
35.6%
Addis Ababa
35.6%
Attila's Court
34.9%
Salzburg
34.9%
Gao
33.6%
Damascus
32.9%
Karakorum
32.2%
Medina
31.5%
Baghdad
31.5%
The Hague
31.5%
Guangzhou
30.9%
Alexandria
30.9%
Ankara
30.2%
Assur
30.2%
Helsinki
30.2%
Honolulu
28.9%
Marrakech
28.9%
Lodz
28.9%
Corinth
28.2%
Aarhus
28.2%
Pyongyang
27.5%
Busan
26.8%
Ulundi
26.8%
Rabat
26.8%
Novgorod
26.8%
Rostov
26.8%
Utrecht
26.8%
Xian
26.2%
Valencia
26.2%
Antium
26.2%
Cusco
25.5%
Hastings
25.5%
Oxford
24.8%
Graz
24.8%
Nantes
24.2%
Newcastle
24.2%
Cumae
24.2%
Akkad
23.5%
Texcoco
22.8%
Hint
Answer
% Correct
St Louis
22.8%
Edirne
22.1%
Braga
22.1%
Calcutta
21.5%
Ravenna
20.8%
Essen
20.8%
Susa
20.1%
Toledo
20.1%
Dusseldorf
20.1%
Gdansk
19.5%
Tours
19.5%
Canterbury
19.5%
Onondaga
18.8%
Dortmund
18.8%
Grand River
18.1%
Palenque
18.1%
Casablanca
18.1%
Utique
18.1%
Antioch
18.1%
Nineveh
18.1%
Troyes
18.1%
Tonga
17.4%
Samoa
17.4%
Fes
17.4%
Heliopolis
17.4%
Ribe
17.4%
Goa
17.4%
Neapolis
17.4%
Wroclaw
17.4%
Argos
16.8%
Tikal
16.8%
Cordoba
16.8%
Linz
16.8%
Knossos
16.1%
Machu
16.1%
Adrianople
16.1%
Groningen
16.1%
Stuttgart
16.1%
Old Sarai
15.4%
Elephantine
15.4%
Coimbra
15.4%
Surabaya
14.8%
Hippo Regius
14.8%
Gades
14.8%
Truro
14.8%
Montreal
14.1%
Beshbalik
14.1%
Pasargadae
14.1%
Tarsus
14.1%
Uppsala
14.1%
Arretium
14.1%
Jenne
13.4%
Klagenfurt
13.4%
Breda
13.4%
Chichen Itza
12.8%
Medan
12.8%
Sukhothai
12.8%
Tangier
12.8%
Bursa
12.8%
Ecbatana
12.8%
Satsuma
12.1%
Nagoya
12.1%
New Sarai
12.1%
Yekaterinburg
12.1%
Yaroslavl
12.1%
Sigtuna
12.1%
Poznan
12.1%
Teotihuacan
11.4%
Daegu
11.4%
Chengdu
11.4%
Giza
11.4%
Innsbruck
11.4%
Te-Moak
10.7%
Salvador
10.7%
Adwa
10.7%
Harar
10.7%
Nicaea
10.7%
Konya
10.7%
Haarlem
10.7%
Grenoble
10.7%
Fortaleza
10.1%
Basra
10.1%
Kaupang
10.1%
Moson Khani
9.4%
Agaidika
9.4%
Nobamba
9.4%
Brantford
8.7%
Kagoshima
8.7%
Hsia
8.7%
Vijayanagara
8.7%
Lampang
8.1%
Bactra
8.1%
Hyderabad
8.1%
Mediolanum
8.1%
Avignon
8.1%
Uxmal
7.4%
Pi-Ramesses
7.4%
Gordium
7.4%
Nimrud
7.4%
Lahore
7.4%
Hint
Answer
% Correct
Warwick
7.4%
Ephesus
7.4%
Pharsalos
6.7%
Osininka
6.7%
Nara
6.7%
Turfan
6.7%
Si Satchanalai
6.7%
Nippur
6.7%
Funchal
6.7%
Tiwanaku
6%
Nuku Hiva
6%
Makassar
6%
Jeonju
6%
Taghaza
6%
Dur-Kurigalzu
6%
Yakutsk
6%
Turku
6%
Milwaukee
6%
Muang Saluang
5.4%
Tombouctu
5.4%
Roskilde
5.4%
Douglas
5.4%
Santiago
5.4%
Tabriz
4.7%
Saguntum
4.7%
Carthago Nova
4.7%
Varna
4.7%
Borsippa
4.7%
Birka
4.7%
Chartres
4.7%
Mycenae
4%
Akwesasme
4%
Tlacopan
4%
Tlacopan
4%
Sau Paulo
4%
Belo Horizonte
4%
Porto Alegre
4%
Hangzhou
4%
Umgungundlovu
4%
Bulawayo
4%
Samsun
4%
Najran
4%
Kufah
4%
Pataliputra
4%
Axum
3.4%
Lalibela
3.4%
Tondibi
3.4%
Sippar
3.4%
Viborg
3.4%
Bregenz
3.4%
Pohokwi
2.7%
Tulum
2.7%
Ollantaytambo
2.7%
Mataram
2.7%
Batam
2.7%
Opis
2.7%
Bydgoszcz
2.7%
Cayuga Castle
2%
Xochicalco
2%
Vilcas
2%
Vitcos
2%
Vilcabamba
2%
Tahiti
2%
Phitsanulok
2%
Vientiane
2%
Dire Dawa
2%
Kumbi Saleh
2%
Ohrid
2%
Dur-Sharrukin
2%
Halab
2%
Canandaigua Lake
2%
Lake Simcoe
2%
Coba
1.3%
El Mirador
1.3%
Hilo
1.3%
Kwadukuza
1.3%
Bahir Dar
1.3%
Kukia
1.3%
Sale
1.3%
Zama Regia
1.3%
Nicomedia
1.3%
DiyarBakir
1.3%
Tunsberg
1.3%
Vaasa
1.3%
Vila Nova de Gaia
1.3%
Duckwater
0.7%
Skull Valley
0.7%
Timbisha
0.7%
Tlateloco
0.7%
Denpassar
0.7%
Suwon
0.7%
Kaesong
0.7%
Martaban
0.7%
Nongoma
0.7%
Nodwengu
0.7%
Meknes
0.7%
Carchemish
0.7%
Dariushkabir
0.7%
Te Wai Pounamu
0%
Janjing
0%
Quiz Playlist
Details
Report
Send in Message
Add To Playlist
Classic:
Type in answers that appear in a list
Last Updated: Feb 16, 2017
Quiz Scoreboard
CHALLENGE
Sign Up to Join the Scoreboard
Show All
Scores
Hide
Comments
May contain spoilers
Recently Published
Two Season TV Shows II
by 123Four
Television
10m
Image Sorting: Flags VI
by Barbecue
Geography
2m
Find the 'City' Movie
by crazypaving
Movies
60s
More to Explore
Quiz From the Vault
Featured Blog Post
14 Easter Pick-up Lines to Find Eggs With
hide this ad
You Might Also Like...
Tags
City Quiz
Civ
Today's Top Quizzes in Gaming
Browse Gaming
hide this ad
Today's Top Quizzes in City
Browse City
Top Contributed Quizzes in Gaming
1
League of Legends Pro Players by Career/Team History
2
Destiny 2 exotic weapons by perk icons
3
Genshin Impact Logic Puzzle
4
Genshin murder mystery
5
Dead By Daylight Logic Puzzle
6
4x4 Decades: Video Games
7
Ultimate Genshin Impact Logic Puzzle (up to 4.3)
8
Genshin Impact Logic Puzzle Quiz
9
Overwatch Logic Puzzle
10
Who's on the WWE 2K24 Cover?
Explore More
Trending Topics
Anime
Disney
NBA
Marvel
Crossword
Harry Potter
Kpop
Pokémon
Puzzle
Song
Soccer
Country
NFL
WWE
The Office
hide this ad
More By:
KingMadi0
Quiz
Plays
Rating
Category
Featured
Created
Civ 5 city names
149
3.50
Gaming
Jun 17, 2016
civ 5 units
130
2.50
Gaming
Jun 25, 2016
GBA S4 Drafts
7
Entertainment
Nov 7, 2016
Go to Creator's Profile
Score Distribution
Quiz Creator Spotlight
KingMadi0
Follow
Send a Message
Quizzes Created
-
Created Quiz Play Count
-
More By This Creator
Popular Quizzes Today
1
Find the US States - No Outlines Minefield
2
Colored Red Africa Blitz
3
Find the 'City' Movie
4
5x2 Blitz: Bands
5
The Countries of the World
6
Find the Countries of Europe - No Outlines Minefield
7
Find the US States
8
US States
More Gaming Quizzes
ARK Survival Evolved Creature Quiz
Quiz Lab
Trending Quizzes
Colored Red Europe Blitz I
Colored Red Africa Blitz II
Colored Red Europe Blitz II
Colored Red Africa Blitz III
Colored Red Europe Blitz III
Recently Updated
How Do You Spell That?
pecheneg
Godzilla Movies
pecheneg
Grab Bag: 4-10 Letters
pecheneg
2024 March Madness Bracket
pecheneg
Famous TV Couples
Peacemaker
Champions League XIs: Real Madrid
pecheneg
Largest US Cities 1790-2010
pecheneg
Rides in Walt Disney World
pecheneg
Most Oscar Losses (Acting)
pecheneg
Beyoncé Albums
pecheneg
Trending Topics
Kpop
Harry Potter
Marvel
NBA
Anime
Crossword
Disney
Puzzle
WWE
NFL
Soccer
Country
Song
Pokémon
The Office
Your Account Isn't Verified!
In order to create a playlist on Sporcle, you need to verify the email address you used during registration. Go to your
Sporcle Settings
to finish the process.
Report this User
Report this user for behavior that violates our
Community Guidelines
.
Details:
Send Report
Go to the Sporcle.com Mobile Site →
Comments